[Event "15ème Open de Saint-Affrique"]
[Site "Saint Affrique"]
[Date "????.??.??"]
[Round "4.20"]
[White "Galby, Vassili"]
[Black "Benmesbah, Natacha"]
[Result "1/2-1/2"]
[WhiteElo "1976"]
[BlackElo "2220"]
[PlyCount "69"]

1. d4 Nf6 2. c4 c5 3. d5 e6 4. Nc3 exd5 5. cxd5 d6 6. e4 g6 7. f4 Bg7 8. Bb5+
Nfd7 9. a4 a6 10. Bd3 Qh4+ 11. g3 Qe7 12. Nf3 c4 13. Bxc4 Bxc3+ 14. bxc3 Qxe4+
15. Qe2 Nc5 16. Ba3 Bg4 17. Nd2 Qxe2+ 18. Bxe2 Bxe2 19. Kxe2 Nbd7 20. Nc4 O-O
21. Nxd6 Nxa4 22. c4 Ndc5 23. Bxc5 Nxc5 24. Rhb1 Rab8 25. Rb6 f5 26. Ke3 Rf6
27. Rab1 Nd7 28. Rxb7 Rd8 29. Nc8 Rff8 30. Kd4 Rfe8 31. Nd6 Re2 32. R1b2 Re1
33. Rb1 Re2 34. R1b2 Re1 35. Rb1 1/2-1/2

[Event "15ème Open de Saint-Affrique"]
[Site "Saint Affrique"]
[Date "????.??.??"]
[Round "4.26"]
[White "Dijoux, Frederic"]
[Black "Gaftarnik, Olivier"]
[Result "0-1"]
[WhiteElo "2132"]
[BlackElo "1919"]
[PlyCount "69"]

1. Nc3 d5 2. e4 d4 3. Nce2 e5 4. Ng3 c5 5. Bc4 Nc6 6. Nf3 h6 7. d3 Nf6 8. O-O
Be7 9. Bd2 O-O 10. Qe2 Re8 11. Rae1 Bf8 12. Nh4 Bg4 13. f3 Be6 14. Bxe6 Rxe6
15. Nhf5 Kh7 16. Nh1 g6 17. Nfg3 Nb4 18. Bxb4 cxb4 19. f4 Kg7 20. fxe5 Rxe5 21.
Nf2 Rc8 22. Rc1 Rc6 23. Ng4 Nxg4 24. Qxg4 Qg5 25. Qd7 Qe3+ 26. Kh1 Re7 27. Qd5
Rec7 28. Rce1 Qg5 29. Qxd4+ Kg8 30. Re2 Rxc2 31. Rxc2 Rxc2 32. Qxa7 Qd2 33. Rg1
Bc5 34. Qb8+ Kh7 35. Qc7 0-1

[Event "15ème Open de Saint-Affrique"]
[Site "Saint Affrique"]
[Date "????.??.??"]
[Round "4.34"]
[White "Cohen-Solal, Lennie"]
[Black "Carmes, Mickael"]
[Result "1-0"]
[WhiteElo "1870"]
[BlackElo "2078"]
[PlyCount "93"]

1. e4 c5 2. Nc3 Nc6 3. g3 g6 4. Bg2 Bg7 5. Nge2 Rb8 6. a4 a6 7. O-O b5 8. axb5
axb5 9. h3 e6 10. Qe1 b4 11. Nd1 Nge7 12. f4 f5 13. d3 O-O 14. Kh2 Nd4 15. Nxd4
cxd4 16. Bd2 b3 17. c3 Nc6 18. exf5 gxf5 19. c4 Qb6 20. g4 Ne7 21. g5 Bb7 22.
Rg1 Bxg2 23. Rxg2 Ra8 24. Rxa8 Rxa8 25. h4 Ra1 26. h5 Qc6 27. Qh4 Rxd1 28. g6
Nxg6 29. hxg6 hxg6 30. Qd8+ Kf7 31. Bb4 e5 32. Qe7+ Kg8 33. Bd6 Qa8 34. Qxd7
Kh8 35. Qf7 Qg8 36. Qxg6 Qh7+ 37. Qxh7+ Kxh7 38. fxe5 Re1 39. Kg3 Bxe5+ 40.
Bxe5 Rxe5 41. Kf4 Ra5 42. Rg5 Ra2 43. Rxf5 Rxb2 44. Rb5 Re2 45. Rxb3 Kg7 46. c5
Kf6 47. Rb4 1-0

[Event "15ème Open de Saint-Affrique"]
[Site "Saint Affrique"]
[Date "????.??.??"]
[Round "4.40"]
[White "Nari, Damien"]
[Black "Degremont, Patrick"]
[Result "1-0"]
[WhiteElo "1784"]
[BlackElo "2012"]
[PlyCount "83"]

1. e4 e6 2. d4 d5 3. Nc3 dxe4 4. Nxe4 Nd7 5. Bd3 Ngf6 6. Bg5 Be7 7. Nxf6+ Bxf6
8. Bxf6 Nxf6 9. Nf3 O-O 10. c3 b6 11. O-O Bb7 12. Qe2 Rc8 13. Rad1 Qd5 14. a3
Qh5 15. Ne5 Qxe2 16. Bxe2 c5 17. Bf3 Bxf3 18. Nxf3 c4 19. Nd2 Rfd8 20. f4 Rd5
21. Rf2 b5 22. Nf1 g6 23. Ne3 Rd7 24. g4 Ne4 25. Re2 f5 26. Nf1 Kf7 27. g5 h6
28. Nd2 Nxd2 29. Rdxd2 hxg5 30. fxg5 Rd5 31. Kg2 Rcd8 32. Rc2 f4 33. Re4 Rxg5+
34. Kf3 Rf5 35. Rce2 Rd6 36. h4 Kf6 37. Rxf4 Rdd5 38. Ree4 e5 39. Rxf5+ gxf5
40. Rxe5 Rd7 41. Kf4 Rh7 42. Rxb5 1-0

[Event "15ème Open de Saint-Affrique"]
[Site "Saint Affrique"]
[Date "????.??.??"]
[Round "4.42"]
[White "Arcusa, Michel"]
[Black "Plane, Boris"]
[Result "1-0"]
[WhiteElo "1818"]
[BlackElo "2184"]
[PlyCount "71"]

1. c4 e5 2. Nc3 d6 3. d4 Nd7 4. g3 g6 5. e4 Bg7 6. Be3 Ngf6 7. h3 O-O 8. Qd2
Re8 9. d5 a5 10. Be2 Nc5 11. Bf3 Bd7 12. Nge2 Qc8 13. Bg2 c6 14. Bxc5 dxc5 15.
Na4 cxd5 16. Nb6 Qc6 17. Nxd7 Nxd7 18. cxd5 Qa6 19. O-O a4 20. Rfb1 f5 21. f3
c4 22. b4 axb3 23. axb3 Qxa1 24. Rxa1 Rxa1+ 25. Kh2 cxb3 26. Qb2 Ra2 27. Qxb3
Rxe2 28. Qb5 Rd2 29. Qxd7 Rf8 30. Qe6+ Kh8 31. exf5 gxf5 32. Kg1 b5 33. Bf1 b4
34. Qb6 e4 35. Qxb4 Bd4+ 36. Kh1 1-0

[Event "15ème Open de Saint-Affrique"]
[Site "Saint Affrique"]
[Date "????.??.??"]
[Round "4.54"]
[White "Krier, Daniel"]
[Black "Estevez, Ange"]
[Result "0-1"]
[WhiteElo "1915"]
[BlackElo "1607"]
[PlyCount "40"]

1. d4 d5 2. c4 e5 3. dxe5 d4 4. Bf4 Nc6 5. Nf3 Be6 6. b3 Qd7 7. a3 O-O-O 8.
Nbd2 Bf5 9. e4 dxe3 10. Bxe3 Bd3 11. Be2 Nh6 12. O-O Nf5 13. Bf4 Bc5 14. Bxd3
Qxd3 15. Re1 Bd4 16. Nxd4 Nfxd4 17. Rc1 Rd7 18. Qg4 h5 19. Qh3 Qxh3 20. gxh3
Ne6 0-1

[Event "15ème Open de Saint-Affrique"]
[Site "Saint Affrique"]
[Date "????.??.??"]
[Round "4.72"]
[White "Deveau, Henri"]
[Black "Carlucci, Jean"]
[Result "0-1"]
[WhiteElo "1810"]
[BlackElo "1600"]
[PlyCount "76"]

1. e4 e6 2. d4 d5 3. Nc3 c5 4. exd5 exd5 5. Nf3 Nf6 6. Be2 Be7 7. O-O O-O 8.
Bf4 c4 9. Ne5 a6 10. Bf3 Nc6 11. Re1 Re8 12. a3 Be6 13. Qd2 Nd7 14. Nxd5 Ndxe5
15. Nxe7+ Qxe7 16. Bxe5 Rad8 17. Bxc6 bxc6 18. c3 Rd5 19. Bg3 c5 20. Re5 Rxe5
21. dxe5 Rd8 22. Qe3 Rd3 23. Qe1 Qd7 24. Bf4 Bf5 25. f3 Qb7 26. Qe2 h6 27. Be3
Qe7 28. f4 f6 29. Qf2 fxe5 30. Bxc5 Qd7 31. fxe5 Rd2 32. Qf3 Be6 33. Bd6 Bd5
34. Qf8+ Kh7 35. g3 Rg2+ 36. Kf1 Qh3 37. Re1 Rxh2+ 38. Kg1 Qxg3+ 0-1

[Event "15ème Open de Saint-Affrique"]
[Site "Saint Affrique"]
[Date "????.??.??"]
[Round "4.74"]
[White "Eshghabadi, Asghar"]
[Black "Perusseau, Aurelien"]
[Result "0-1"]
[WhiteElo "1807"]
[BlackElo "1550"]
[PlyCount "138"]

1. e4 c5 2. Nf3 d6 3. d4 cxd4 4. Nxd4 Nf6 5. Nc3 a6 6. Bg5 e6 7. Qd2 Be7 8.
O-O-O Nbd7 9. f4 b5 10. Nc6 Qc7 11. Nxe7 Kxe7 12. Qd4 Qc5 13. Qd3 h6 14. Bh4 g5
15. fxg5 hxg5 16. Bg3 Ne5 17. Qd2 Rg8 18. Bf2 Qc6 19. Be2 Bb7 20. a3 Rad8 21.
Bf3 Nc4 22. Qe2 g4 23. Nd5+ Nxd5 24. exd5 gxf3 25. Bh4+ Ke8 26. gxf3 Qd7 27. f4
Rc8 28. Qe4 f5 29. Qe2 Kf8 30. dxe6 Qg7 31. e7+ Ke8 32. Qh5+ Kd7 33. Qxf5+ Kc7
34. Bf6 Qg2 35. Rhe1 Qxh2 36. Bg5 Qg2 37. Kb1 Qc6 38. Rd3 Kb6 39. Rc3 Qg2 40.
Ka2 Qd2 41. Rxc4 bxc4 42. Re6 Qd5 43. Qxd5 Bxd5 44. Rxd6+ Bc6 45. Bh6 Kc7 46.
Rd4 Rce8 47. Bf8 Kb6 48. f5 Rgxf8 49. exf8=Q Rxf8 50. Rf4 Rf6 51. b4 Kb5 52.
Kb2 Bd7 53. Kc3 Rxf5 54. Rd4 Rf3+ 55. Kb2 c3+ 56. Kc1 Rf1+ 57. Rd1 Rxd1+ 58.
Kxd1 Ka4 59. Ke2 Kxa3 60. Kd1 Kxb4 61. Kc1 a5 62. Kb1 Ka3 63. Ka1 Kb4 64. Kb1
a4 65. Ka1 Kc5 66. Ka2 Bf5 67. Kb1 a3 68. Ka2 Bxc2 69. Kxa3 Kd4 0-1

[Event "15ème Open de Saint-Affrique"]
[Site "Saint Affrique"]
[Date "????.??.??"]
[Round "4.84"]
[White "Bonot, Bernard"]
[Black "Blanchon, Pascal"]
[Result "1-0"]
[WhiteElo "1430"]
[BlackElo "1757"]
[PlyCount "137"]

1. e4 e5 2. Nf3 Nc6 3. Bb5 a6 4. Bxc6 dxc6 5. d4 exd4 6. Qxd4 Qxd4 7. Nxd4 Bc5
8. Be3 Nf6 9. f3 O-O 10. Nd2 Re8 11. O-O-O Nd5 12. exd5 Rxe3 13. N2b3 Bxd4 14.
Rxd4 cxd5 15. Rxd5 Be6 16. Rd3 Rxd3 17. cxd3 Rd8 18. Kc2 b6 19. Rd1 c5 20. Nc1
Kf8 21. a3 a5 22. h4 Bd5 23. Ne2 h6 24. Rd2 g5 25. hxg5 hxg5 26. Ng1 f6 27. Ne2
Kg7 28. Nc3 Bf7 29. Na4 Rd6 30. Nc3 f5 31. Ne2 Bg6 32. Kc3 f4 33. Nc1 Kf6 34.
Ne2 Be8 35. Kc2 Ba4+ 36. Kc1 Bc6 37. Kc2 Bb7 38. Nc3 Kf5 39. Ne4 Rd4 40. Nf2
Ba6 41. Kc3 Rd5 42. Kc2 b5 43. Kc1 b4 44. a4 c4 45. Kc2 Kg6 46. Rd1 Kf7 47. b3
cxd3+ 48. Nxd3 Kf6 49. Rd2 Rd6 50. Rd1 Ke7 51. Rd2 Kd8 52. Rd1 Kc7 53. Rd2 Kb6
54. Rd1 Rd4 55. Rd2 Rd6 56. Rd1 Rc6+ 57. Kd2 Rd6 58. Kc2 Rd4 59. Rd2 Kc7 60.
Rd1 Kd8 61. Rd2 Ke7 62. Rd1 Rd5 63. Rd2 Kf6 64. Rd1 Kf5 65. Rd2 Bxd3+ 66. Rxd3
Rxd3 67. Kxd3 g4 68. Kd4 gxf3 69. gxf3 1-0

[Event "15ème Open de Saint-Affrique"]
[Site "Saint Affrique"]
[Date "????.??.??"]
[Round "4.89"]
[White "Objois, Pierre-Henri"]
[Black "Caviere, Fabien"]
[Result "0-1"]
[WhiteElo "1801"]
[BlackElo "1380"]
[PlyCount "76"]

1. d4 d5 2. c4 Nf6 3. Nf3 Nc6 4. Nc3 e6 5. Bg5 Bb4 6. a3 Bxc3+ 7. bxc3 dxc4 8.
e3 h6 9. Bh4 g5 10. Bg3 Qe7 11. Bxc4 e5 12. Nxe5 Nxe5 13. Bxe5 Be6 14. Be2
O-O-O 15. O-O Rhg8 16. Qa4 a6 17. Qd1 Ne4 18. Qc1 f6 19. Bg3 Rh8 20. h3 Nxg3
21. fxg3 h5 22. Rb1 Bd5 23. Bf3 Qe6 24. Qd2 g4 25. Bxd5 Rxd5 26. hxg4 hxg4 27.
Qf2 Rh6 28. Qe2 Rdh5 29. Kf2 Rf5+ 30. Ke1 Rxf1+ 31. Kxf1 Qf5+ 32. Kg1 Qxb1+ 33.
Kf2 Rg6 34. e4 Qa1 35. e5 fxe5 36. Qxe5 Qb2+ 37. Qe2 Rf6+ 38. Ke1 Qc1+ 0-1

[Event "15ème Open de Saint-Affrique"]
[Site "Saint Affrique"]
[Date "????.??.??"]
[Round "4.92"]
[White "Boyd, Christopher"]
[Black "Audigier, Robert"]
[Result "0-1"]
[WhiteElo "1100"]
[BlackElo "1300"]
[PlyCount "138"]

1. e4 e5 2. Bc4 Nf6 3. Nc3 Bc5 4. Nf3 Nc6 5. d3 O-O 6. O-O h6 7. a3 d6 8. b4
Bd4 9. Nxd4 Nxd4 10. Nd5 Nc6 11. b5 Na5 12. Qe2 Nxc4 13. dxc4 Bg4 14. Nxf6+
Qxf6 15. Qxg4 c5 16. f4 Qe6 17. f5 Qxc4 18. Bxh6 g6 19. fxg6 f6 20. Bxf8 Qd4+
21. Kh1 Rxf8 22. Rad1 Qc4 23. Rc1 Qxb5 24. g7 Rf7 25. Qe6 Kxg7 26. Qg4+ Kf8 27.
Qh4 Ke7 28. Rf2 Qe8 29. Rcf1 Qf8 30. Rb1 b6 31. Rd1 Kd7 32. Rfd2 f5 33. Rxd6+
Kc7 34. Qd8+ Kb7 35. Qxf8 Rxf8 36. Rd7+ Ka6 37. Rc7 fxe4 38. h3 Rf2 39. Rdd7
Rxc2 40. Rxa7+ Kb5 41. Rab7 e3 42. Rd1 e2 43. Re1 Kc6 44. Re7 Kd6 45. Rh7 Kd5
46. Kg1 Kd4 47. Kf2 Kd3 48. g4 e4 49. g5 e3+ 50. Kg2 Kd2 51. g6 Kxe1 52. g7 Kd1
53. g8=Q e1=Q+ 54. Kf3 Qf2+ 55. Ke4 e2 56. Qd5+ Rd2 57. Qb3+ Ke1 58. Rf7 Rd4+
59. Ke5 Qh2+ 60. Ke6 Re4+ 61. Kd5 Qe5+ 62. Kc6 Qe6+ 63. Qxe6 Rxe6+ 64. Kb5 Kd2
65. Rd7+ Ke3 66. Kc4 e1=Q 67. Rd3+ Ke2 68. Rc3 Re4+ 69. Kb3 Qb1# 0-1

[Event "15ème Open de Saint-Affrique"]
[Site "Saint Affrique"]
[Date "????.??.??"]
[Round "4.98"]
[White "Flear, James C"]
[Black "Robert, Calvin"]
[Result "0-1"]
[WhiteElo "1220"]
[BlackElo "1009"]
[PlyCount "43"]

1. e4 e6 2. d4 d5 3. Nc3 Nf6 4. Bd3 Nc6 5. Nf3 Bb4 6. O-O Bxc3 7. bxc3 dxe4 8.
Bxe4 Nxe4 9. Bb2 O-O 10. Ne5 Nxe5 11. Qe1 Nc4 12. Qxe4 Nxb2 13. f4 Nc4 14. Rf3
Nd2 15. Qd3 Nxf3+ 16. Qxf3 Qd5 17. Qd3 b6 18. Rf1 Bb7 19. Rf3 Qf5 20. Qe2 Bxf3
21. Qxf3 Qxc2 22. d5 0-1

[Event "15ème Open de Saint-Affrique"]
[Site "Saint Affrique"]
[Date "????.??.??"]
[Round "5.1"]
[White "Hamdouchi, Hichem"]
[Black "Ramaswamy, Aarthie"]
[Result "1-0"]
[WhiteElo "2576"]
[BlackElo "2281"]
[PlyCount "59"]

1. e4 e5 2. Nf3 Nf6 3. d4 Nxe4 4. Bd3 d5 5. Nxe5 Bd6 6. O-O Bxe5 7. dxe5 Nc6 8.
Nc3 Nxc3 9. bxc3 O-O 10. Re1 Qh4 11. Qf3 Be6 12. Rb1 Rab8 13. Bf4 Rfe8 14. h3
a6 15. Kh2 a5 16. Qe3 h6 17. Rg1 g5 18. Bg3 Qh5 19. Rge1 f5 20. exf6 Bxh3 21.
Qc5 b6 {#} 22. Bg6 Qxg6 23. Qxc6 Bg4 24. Qxc7 Rbc8 25. Qxb6 Rxe1 26. Rxe1 Rf8
27. Qd4 Qh5+ 28. Kg1 Rd8 29. Re7 Rd7 30. f7+ 1-0

[Event "15ème Open de Saint-Affrique"]
[Site "Saint Affrique"]
[Date "????.??.??"]
[Round "5.2"]
[White "Lejarre, Ludovic"]
[Black "Georgiev, Krum"]
[Result "1-0"]
[WhiteElo "2359"]
[BlackElo "2500"]
[PlyCount "63"]

1. e4 c5 2. Nf3 d6 3. d4 cxd4 4. Nxd4 Nf6 5. Nc3 Bd7 6. Bg5 e6 7. Qd2 a6 8. f3
Nc6 9. O-O-O Rc8 10. Kb1 Be7 11. Be3 O-O 12. g4 Nxd4 13. Bxd4 Bc6 14. g5 Nd7
15. h4 b5 16. Bd3 Ne5 17. Qg2 Qc7 18. Rc1 Qb7 19. h5 b4 20. Ne2 Nxd3 21. cxd3
Qb5 22. g6 e5 23. h6 fxg6 24. hxg7 Kxg7 25. Rcg1 Rf6 {#} 26. Nf4 $3 exd4 27.
Rxh7+ $1 Kxh7 28. Nxg6 Bxe4 29. Nf8+ $1 Bxf8 30. Qg8+ Kh6 31. Qh8+ Bh7 32.
Qxf6+ 1-0

[Event "15ème Open de Saint-Affrique"]
[Site "Saint Affrique"]
[Date "????.??.??"]
[Round "5.3"]
[White "Hamdouchi, Adina-Maria"]
[Black "Degraeve, Jean-Marc"]
[Result "1/2-1/2"]
[WhiteElo "2287"]
[BlackElo "2520"]
[PlyCount "38"]

1. d4 g6 2. g3 Bg7 3. Bg2 c5 4. Nf3 cxd4 5. Nxd4 Nc6 6. Nb3 Nf6 7. c4 O-O 8.
O-O d6 9. Nc3 a5 10. Na4 Bf5 11. c5 d5 12. Nb6 Ra6 13. a4 e6 14. h3 e5 15. Bg5
e4 16. Qd2 Be6 17. Rad1 Rxb6 18. cxb6 Qxb6 19. Nd4 Nh5 1/2-1/2

[Event "15ème Open de Saint-Affrique"]
[Site "Saint Affrique"]
[Date "????.??.??"]
[Round "5.4"]
[White "Prie, Eric"]
[Black "David, Vincent"]
[Result "1-0"]
[WhiteElo "2518"]
[BlackElo "2390"]
[PlyCount "71"]

1. d4 e6 2. a3 d5 3. Nf3 Nf6 4. Bf4 Bd6 5. Bxd6 cxd6 6. e3 O-O 7. c4 dxc4 8.
Bxc4 b6 9. Nc3 Bb7 10. O-O Nbd7 11. Qe2 Rc8 12. Ba6 Qc7 13. Rac1 Bxa6 14. Qxa6
Nb8 15. Qd3 a6 16. e4 h6 17. h3 Qb7 18. Rc2 d5 19. exd5 Nxd5 20. Nxd5 Qxd5 21.
Rfc1 Rcd8 22. Qe2 a5 23. b4 axb4 24. axb4 Nd7 25. Rc7 Nf6 26. Ra1 Qd6 27. Raa7
Nd5 (27... Rd7) 28. Rcb7 Ra8 {#} 29. Rxf7 Rxa7 30. Rxa7 Nxb4 31. Ne5 Qxd4 32.
Ng6 Rf6 33. Ra8+ Kf7 34. Ne5+ Ke7 35. Ra7+ Kd8 36. Ng4 1-0

[Event "15ème Open de Saint-Affrique"]
[Site "Saint Affrique"]
[Date "????.??.??"]
[Round "5.5"]
[White "Janev, Evgeni"]
[Black "Mullon, Jean-Baptiste"]
[Result "0-1"]
[WhiteElo "2488"]
[BlackElo "2333"]
[PlyCount "118"]

1. e4 c5 2. Nf3 e6 3. g3 Nc6 4. Bg2 Qc7 5. O-O Nf6 6. Re1 Be7 7. Nc3 d6 8. d4
cxd4 9. Nxd4 a6 10. Nxc6 bxc6 11. e5 dxe5 12. Rxe5 O-O 13. Re1 Bb7 14. Na4 Ra7
15. c4 c5 16. Bf4 Qa5 17. Bxb7 Rxb7 18. Bd2 Qd8 19. Qf3 Rd7 20. Be3 Qa5 21. b3
Rc8 22. Red1 Rxd1+ 23. Rxd1 Qc7 24. g4 h6 25. h4 h5 26. gxh5 Qe5 27. Bg5 Bd6
28. Nb6 Rc7 29. h6 Ne4 30. Bd8 Rb7 31. Kf1 gxh6 32. Nc8 Rd7 33. Bb6 f5 34. b4
Rg7 35. Nxd6 Nxd6 36. Bxc5 Nxc4 37. a4 Qh2 38. Bd4 Rg4 39. Qa8+ Kf7 40. Qb7+
Kg6 41. Ke2 Re4+ 42. Kd3 {#} 42... Rxd4+ 43. Kxd4 Qxf2+ 44. Kc3 Qb2+ 45. Kxc4
Qc2+ 46. Kd4 Qxd1+ 47. Ke5 Qe2+ 48. Kd6 Qd3+ 49. Ke7 f4 50. b5 axb5 51. axb5 f3
52. b6 Qf5 53. Ke8 f2 54. Qg2+ Kf6 55. b7 Qb5+ 56. Kf8 f1=Q 57. Qxf1+ Qxf1 58.
b8=Q Kg6+ 59. Ke8 Qf7+ 0-1

[Event "15ème Open de Saint-Affrique"]
[Site "Saint Affrique"]
[Date "????.??.??"]
[Round "5.6"]
[White "Dussol, Pierre"]
[Black "Flear, Glenn C"]
[Result "0-1"]
[WhiteElo "2247"]
[BlackElo "2479"]
[PlyCount "56"]

1. f4 d5 2. g3 h5 3. Nf3 h4 4. Bg2 Nc6 5. d3 hxg3 6. hxg3 Rxh1+ 7. Bxh1 Nf6 8.
Nc3 Bg4 9. Ne5 Bh5 10. Nxc6 bxc6 11. Be3 Qd7 12. Qd2 Qh3 13. O-O-O Qxg3 14. Rg1
Qh2 15. Qe1 g6 16. Nd1 Bh6 17. Qb4 Kd7 18. Rf1 a5 19. Qa4 Qxe2 20. Rg1 Bf3 21.
Bd2 Bxh1 22. Rxh1 Nh5 23. Re1 Qh2 24. Re5 e6 25. Rxh5 gxh5 26. Qd4 Qg3 27. Nc3
Rg8 28. Be3 Rg4 0-1

[Event "15ème Open de Saint-Affrique"]
[Site "Saint Affrique"]
[Date "????.??.??"]
[Round "5.7"]
[White "Gozzoli, Yannick"]
[Black "Mohota, Nisha"]
[Result "1/2-1/2"]
[WhiteElo "2470"]
[BlackElo "2332"]
[PlyCount "35"]

1. d4 d5 2. c4 e6 3. Nc3 Be7 4. Nf3 Nf6 5. Bf4 O-O 6. e3 c5 7. dxc5 Bxc5 8. Qc2
Nc6 9. a3 Qa5 10. Nd2 Be7 11. Bg3 Bd7 12. Be2 Qd8 13. Qd3 dxc4 14. Nxc4 b5 15.
Ne5 Nxe5 16. Bxe5 Bc6 17. O-O Qxd3 18. Bxd3 1/2-1/2

[Event "15ème Open de Saint-Affrique"]
[Site "Saint Affrique"]
[Date "????.??.??"]
[Round "5.8"]
[White "Collas, Silvia"]
[Black "Daurelle, Herve"]
[Result "1/2-1/2"]
[WhiteElo "2393"]
[BlackElo "2249"]
[PlyCount "27"]

1. e4 e5 2. Nf3 Nc6 3. d4 exd4 4. Nxd4 Nf6 5. Nxc6 bxc6 6. e5 Qe7 7. Qe2 Nd5 8.
c4 Ba6 9. b3 g6 10. g3 Bg7 11. Bb2 O-O-O 12. Bg2 Rhe8 13. O-O Bxe5 14. Bxe5
1/2-1/2

[Event "15ème Open de Saint-Affrique"]
[Site "Saint Affrique"]
[Date "????.??.??"]
[Round "5.9"]
[White "Petrossian, Armen"]
[Black "Van Elst, Andreas"]
[Result "1-0"]
[WhiteElo "2392"]
[BlackElo "2294"]
[PlyCount "67"]

1. e4 c5 2. Nf3 e6 3. Nc3 a6 4. d4 cxd4 5. Nxd4 b5 6. Be2 Bb7 7. Bf3 d6 8. O-O
Nd7 9. a4 b4 10. Na2 Ngf6 11. Re1 Qb6 12. Bg5 Be7 13. a5 Qxa5 14. e5 Nd5 15.
Bxe7 Kxe7 16. Nc3 Qc5 17. exd6+ Kf8 18. Ne4 Qb6 19. c4 bxc3 20. bxc3 Rc8 21.
Rb1 Qa7 22. Qa4 N5b6 23. Qb4 Bd5 24. Ng5 h6 25. Bxd5 Nxd5 26. Qb7 Qxb7 27. Rxb7
N5f6 28. Ne4 g6 29. Nxf6 Nxf6 {#} 30. Rxe6 Rxc3 (30... fxe6 31. Nxe6+ Ke8 (
31... Kg8 32. Rg7#) 32. Re7#) 31. g3 Rd3 32. Rxf6 Rxd4 33. Rfxf7+ Kg8 34. Rfc7
1-0

[Event "15ème Open de Saint-Affrique"]
[Site "Saint Affrique"]
[Date "????.??.??"]
[Round "5.10"]
[White "Raggini, Lionel"]
[Black "Collas, Didier"]
[Result "0-1"]
[WhiteElo "2121"]
[BlackElo "2458"]
[PlyCount "88"]

1. e4 c5 2. Nf3 d6 3. d4 Nf6 4. Nc3 cxd4 5. Nxd4 a6 6. f4 Nbd7 7. Bd3 g6 8. Nf3
Bg7 9. O-O O-O 10. Qe1 Nc5 11. Kh1 b5 12. Be3 b4 13. Nd1 Nfxe4 14. Qxb4 a5 15.
Qe1 Nxd3 16. cxd3 Nf6 17. Bd4 a4 18. Ng5 e5 19. fxe5 Ng4 20. Ne4 Nxe5 21. Qg3
Ba6 22. Ndf2 f5 23. Nc3 f4 24. Qh3 Bc8 25. g4 Nxg4 26. Qf3 Nxf2+ 27. Rxf2 Bxd4
28. Qd5+ Kg7 29. Qxd4+ Qf6 30. Qxf6+ Rxf6 31. Ne4 Bb7 32. Rc1 Bxe4+ 33. dxe4 g5
34. h3 h5 35. Kg2 g4 36. hxg4 hxg4 37. Rh1 Kg6 38. Rd2 Rb8 39. Re1 Rb5 40. Kf2
Re6 41. Rde2 Rh5 42. b4 axb3 43. axb3 Kg5 44. b4 f3 0-1

[Event "15ème Open de Saint-Affrique"]
[Site "Saint Affrique"]
[Date "????.??.??"]
[Round "5.20"]
[White "Fruteau, Sabine"]
[Black "Gnininvi, Ephrem"]
[Result "1/2-1/2"]
[WhiteElo "2170"]
[BlackElo "2011"]
[PlyCount "82"]

1. e4 e5 2. Nf3 Nf6 3. Nxe5 Nxe4 4. Qe2 Qe7 5. Qxe4 d6 6. d4 dxe5 7. Qxe5 Qxe5+
8. dxe5 Bf5 9. c3 Nd7 10. Bf4 Bxb1 11. Rxb1 O-O-O 12. Bc4 Nxe5 13. Bxe5 Re8 14.
f4 f6 15. O-O fxe5 16. f5 Bc5+ 17. Kh1 Be7 18. Be6+ Kb8 19. g3 Rd8 20. Rf2 Rd6
21. Kg2 Rhd8 22. Re2 Rd2 23. Rbe1 c6 24. Kf3 Bf6 25. h4 Kc7 26. Rxd2 Rxd2 27.
Re2 Rxe2 28. Kxe2 Kd6 29. Bg8 h6 30. Kf3 b5 31. Ke4 a5 32. Bb3 b4 33. cxb4 axb4
34. Bf7 Kc5 35. Be8 Kd6 36. a4 bxa3 37. bxa3 Kc5 38. a4 Kb6 39. a5+ Kxa5 40.
Bxc6 Kb4 41. Bd5 Kc3 1/2-1/2

[Event "15ème Open de Saint-Affrique"]
[Site "Saint Affrique"]
[Date "????.??.??"]
[Round "5.23"]
[White "Ribeiro, Romain"]
[Black "Nari, Damien"]
[Result "1/2-1/2"]
[WhiteElo "2127"]
[BlackElo "1784"]
[PlyCount "68"]

1. e4 c6 2. d4 d5 3. Nc3 dxe4 4. Nxe4 Nd7 5. Nf3 Ngf6 6. Nxf6+ Nxf6 7. Bd3 Bg4
8. c3 Qc7 9. h3 Bh5 10. g4 Bg6 11. Ne5 e6 12. O-O Bd6 13. f4 Bxd3 14. Qxd3
O-O-O 15. Qe2 Qe7 16. b4 Nd5 17. Bd2 f6 18. Nd3 g5 19. fxg5 fxg5 20. Rae1 Nc7
21. Ne5 Rhf8 22. Rxf8 Rxf8 23. Rf1 h6 24. Be1 Rxf1+ 25. Kxf1 Qf6+ 26. Kg1 Bxe5
27. Qxe5 Qxe5 28. dxe5 Nd5 29. Bd2 Ne7 30. h4 Ng6 31. hxg5 hxg5 32. Bxg5 Nxe5
33. Be3 Nxg4 34. Bxa7 b5 1/2-1/2

[Event "15ème Open de Saint-Affrique"]
[Site "Saint Affrique"]
[Date "????.??.??"]
[Round "5.26"]
[White "Benmesbah, Natacha"]
[Black "Mania, Clement"]
[Result "1-0"]
[WhiteElo "2220"]
[BlackElo "1951"]
[PlyCount "39"]

1. e4 c6 2. c4 e5 3. Nf3 f5 4. d4 fxe4 5. Nxe5 Nf6 6. Ng4 d5 7. Ne5 Nbd7 8. Bg5
Bd6 9. cxd5 Nxe5 10. dxe5 Bxe5 11. Qb3 Qb6 12. dxc6 Bxb2 13. Bb5 bxc6 14. Qxb2
cxb5 15. Qe5+ Be6 16. Be3 Qc6 17. Nc3 O-O 18. Nxb5 Bc4 19. Nd6 Bd3 20. Qe6+ 1-0

[Event "15ème Open de Saint-Affrique"]
[Site "Saint Affrique"]
[Date "????.??.??"]
[Round "5.28"]
[White "Bosc, Sebastien"]
[Black "Sanchez, Nicolas"]
[Result "1-0"]
[WhiteElo "2008"]
[BlackElo "2200"]
[PlyCount "77"]

1. e4 g6 2. d4 Bg7 3. Nf3 d6 4. Bc4 Nf6 5. Nc3 c6 6. a4 O-O 7. O-O d5 8. Bd3
dxe4 9. Nxe4 Nxe4 10. Bxe4 Nd7 11. c3 c5 12. h3 cxd4 13. Nxd4 Nc5 14. Bc2 e5
15. Nb3 Na6 16. Qxd8 Rxd8 17. Be3 Be6 18. Rfd1 Rdc8 19. Na5 b6 20. Nb7 f5 21.
Nd6 Rc6 22. a5 Bf8 23. axb6 axb6 24. Nb5 Bc4 25. Bd3 Bb3 26. Re1 Rd8 27. Bxf5
gxf5 28. Rxa6 Bc4 29. Na7 Rcd6 30. Rxb6 Rd1 31. Rxd1 Rxd1+ 32. Kh2 f4 33. Nc6
fxe3 34. fxe3 Bc5 35. Rb8+ Kg7 36. Rb7+ Kh6 37. Nxe5 Bd6 38. Rb6 Be2 39. Rxd6+
1-0

[Event "15ème Open de Saint-Affrique"]
[Site "Saint Affrique"]
[Date "????.??.??"]
[Round "5.29"]
[White "Baudon, Sebastien"]
[Black "Houard, Yannick"]
[Result "1-0"]
[WhiteElo "1982"]
[BlackElo "2151"]
[PlyCount "107"]

1. f4 d5 2. Nf3 c6 3. b3 Nf6 4. Bb2 Bg4 5. e3 Nbd7 6. Be2 Bxf3 7. Bxf3 e6 8.
O-O Bd6 9. d4 Qe7 10. Nd2 Ba3 11. Qc1 Bxb2 12. Qxb2 O-O 13. Rae1 Qd6 14. g3
Rfd8 15. c4 a5 16. Rd1 Qc7 17. e4 dxe4 18. Nxe4 Nxe4 19. Bxe4 Nf6 20. Bf3 Rd7
21. Rf2 Rad8 22. Rfd2 h5 23. Qc3 Qb6 24. Kg2 Kf8 25. h3 Qc7 26. Qe3 h4 27. g4
g5 28. Qe5 Qxe5 29. fxe5 Ng8 30. Kf2 Ne7 31. Be4 b5 32. Ke3 bxc4 33. bxc4 Rb8
34. Rf2 Rc7 35. Rdf1 Nc8 36. Kd3 Kg7 37. d5 cxd5 38. cxd5 exd5 39. Bxd5 Nb6 40.
Rxf7+ Rxf7 41. Rxf7+ Kg6 42. Rf6+ Kg7 43. Be6 Na4 44. Ke4 Rb2 45. Kf5 Nc5 46.
Bd5 Rd2 47. Rd6 Rd3 48. e6 Kf8 49. Ke5 Ke7 50. Rc6 Nxe6 51. Rxe6+ Kd7 52. Rg6
Rxh3 53. Rg7+ Ke8 54. Rxg5 1-0

[Event "15ème Open de Saint-Affrique"]
[Site "Saint Affrique"]
[Date "????.??.??"]
[Round "5.33"]
[White "Divine, Armand"]
[Black "Bonnet, Philippe"]
[Result "1-0"]
[WhiteElo "1904"]
[BlackElo "2027"]
[PlyCount "61"]

1. e4 e6 2. d4 d5 3. e5 c5 4. c3 b6 5. Nf3 Qd7 6. Nbd2 Ba6 7. g3 Bxf1 8. Kxf1
f5 9. Kg2 Nh6 10. h4 Nc6 11. Nb3 Nf7 12. Be3 c4 13. Nc1 b5 14. a3 a5 15. Ne2 a4
16. Nf4 O-O-O 17. Kf1 Be7 18. Ke2 g5 19. hxg5 Nxg5 20. Nxg5 Bxg5 21. Kd2 Bxf4
22. Bxf4 Na5 23. Kc2 Nb3 24. Rb1 Rdg8 25. Qf3 Qe7 26. Rh5 b4 27. axb4 Qxb4 28.
Qxd5 Nxd4+ 29. Qxd4 Qb3+ 30. Kc1 Rd8 31. Qc5+ 1-0

[Event "15ème Open de Saint-Affrique"]
[Site "Saint Affrique"]
[Date "????.??.??"]
[Round "5.49"]
[White "Blanche, Philippe"]
[Black "Touzeau, Maxime"]
[Result "1-0"]
[WhiteElo "1794"]
[BlackElo "1970"]
[PlyCount "86"]

1. e4 d6 2. d4 Nf6 3. Nc3 g6 4. Be2 Bg7 5. Nf3 c6 6. O-O b5 7. e5 dxe5 8. dxe5
Qxd1 9. Rxd1 Ng4 10. Bf4 Nd7 11. e6 fxe6 12. Ng5 Ndf6 13. Bf3 Bd7 14. Nxb5 e5
15. Nc7+ Kd8 16. Nxa8 exf4 17. Bxc6 Kc8 18. Bxd7+ Nxd7 19. Nc7 h6 20. Nge6 Bxb2
21. Rab1 Be5 22. Nd5 Bd6 23. h3 Ngf6 24. Ndxf4 g5 25. Nd5 Nxd5 26. Rxd5 Ne5 27.
Ra5 Nc6 28. Ra4 Kd7 29. Nd4 Nxd4 30. Rxd4 Ra8 31. Rd3 a5 32. c4 Ke8 33. Kf1 Rc8
34. Rc3 Bb4 35. Rc2 Rc6 36. Rd1 Kf7 37. Rd5 Re6 38. Re2 Rc6 39. Rc2 Re6 40. f3
Rc6 41. Rb5 Re6 42. a3 Bxa3 43. Rxa5 Bc5 1-0